000 00285nam a2200121Ia 4500
008 190216s9999||||xx |||||||||||||| ||und||
100 _aSri Govind Sharma
245 0 _aHindi-Bhrasht Mukhiyanantri Chaliye
260 _bNavoday Sales
300 _a144
650 _aHindi
942 _cBK
999 _c16457
_d16457